=LDR 00000nam 2200000 4500 =001 INLIS000000000025294 =005 20130612123821 =008 ***********************************ind** =035 ##$$0010-061300000025294 =041 ##$$a ind =082 ##$$a 382 =090 ##$$a 382, CAM s =100 ##$$a Camus, Albert =245 ##$$a Sampar =260 ##$$a 1985 $b Jakarta =300 ##$$a viii, 269 hlm., 23 cm =650 ##$$a Sastra =850 ##$$a NBPNMAT